Mutants. On the Form, Varieties and Errors of the Human Body

التفاصيل البيبلوغرافية
المؤلف الرئيسي: Leroi A. M. Armand Marie
الملخص:Why are most of us born with one nose, two legs, ten fingers and twenty-four ribs - and some of us not? Why do most of us stop growing in our teens — while others just keep going? Why do some of us have heads of red hair — and others no hair at all? The human genome, we are told, makes us what we are. But how? This is a book of stories: of a French convent girl who found herself changing sex upon puberty - and her miserable death in a Parisian garret; of children who, echoing Homer's Cyclops, are born with a single eye in the middle of their foreheads; of a village of long-lived Croatian dwarves; of a hairy family who were kept at the Burmese royal court for four generations (and from whom Darwin took one of his keenest insights into heredity); and of the ostrich-footed Wadoma of the Zambezi river valley. In Mutants, Armand Marie Leroi gives a brilliant narrative account of our genetic grammar and the people whose bodies have revealed it. Stepping effortlessly from myth to molecular biology, this elegant, humane and illuminating book is about us all.
اللغة:الإنجليزية
منشور في: London, Harper Collins Publishers, 2003
الموضوعات:
التنسيق: MixedMaterials كتاب
KOHA link:https://koha.lib.tpu.ru/cgi-bin/koha/opac-detail.pl?biblionumber=209163

MARC

LEADER 00000nam0a2200000 4500
001 209163
005 20231101225521.0
010 |a 0002571137 
035 |a (RuTPU)RU\TPU\book\228478 
090 |a 209163 
100 |a 20120209d2003 k y0engy50 ba 
101 0 |a eng 
102 |a GB 
105 |a a z 001zy 
200 1 |a Mutants. On the Form, Varieties and Errors of the Human Body  |f A. M. Leroi 
210 |a London  |c Harper Collins Publishers  |d 2003 
215 |a 431 p.  |c il. 
320 |a Bibliography: p. 389-419. 
320 |a Index: p. 421-431. 
330 |a Why are most of us born with one nose, two legs, ten fingers and twenty-four ribs - and some of us not? Why do most of us stop growing in our teens — while others just keep going? Why do some of us have heads of red hair — and others no hair at all? The human genome, we are told, makes us what we are. But how? This is a book of stories: of a French convent girl who found herself changing sex upon puberty - and her miserable death in a Parisian garret; of children who, echoing Homer's Cyclops, are born with a single eye in the middle of their foreheads; of a village of long-lived Croatian dwarves; of a hairy family who were kept at the Burmese royal court for four generations (and from whom Darwin took one of his keenest insights into heredity); and of the ostrich-footed Wadoma of the Zambezi river valley. In Mutants, Armand Marie Leroi gives a brilliant narrative account of our genetic grammar and the people whose bodies have revealed it. Stepping effortlessly from myth to molecular biology, this elegant, humane and illuminating book is about us all. 
606 1 |a Генетика  |2 stltpush  |3 (RuTPU)RU\TPU\subj\5872  |9 33860 
610 1 |a медицинская генетика 
610 1 |a биология 
610 1 |a биология развития 
610 1 |a генетика человека 
610 1 |a генетическая инженерия 
610 1 |a генетическая психология 
610 1 |a генетическая типизация 
610 1 |a английский язык 
610 1 |a мутация 
675 |a 575  |v 3 
700 1 |a Leroi  |b A. M.  |g Armand Marie 
801 1 |a RU  |b 63413507  |c 20120209 
801 2 |a RU  |b 63413507  |c 20120217  |g RCR 
942 |c BK